Most Guessed Countries - Asia - Statistics

General Stats
  • This quiz has been taken 69 times
    40 since last reset
  • The average score is 15 of 17
Answer Stats
% guessed Country % Correct
99% China
100%
97% Japan
100%
97% India
98%
91% Iran
95%
90% Iraq
95%
95% North Korea
95%
95% South Korea
95%
91% Indonesia
93%
87% Kazakhstan
93%
91% Mongolia
93%
90% Pakistan
90%
89% Vietnam
90%
89% Thailand
88%
87% Afghanistan
85%
89% Saudi Arabia
85%
90% Turkey
73%
87% Philippines
70%
No matching quizzes found
Score Distribution
Percent of People with Each Score
Percentile by Number Answered
Your Score History
You have not taken this quiz since the last reset